LEADER 01067nas a2200253 i 4500 001 000000204338 003 CaOOAMICUS 005 20120320000000.0 008 110721b2011 fr uu u0 0fre r 013 $a183058 040 $aSeMil$bita 245 10$a2011. 260 $aToulouse :$bInstitut Catholique de Toulouse,$c2011. 300 $a457 p. :$b[1] p. di ritratto ;$c24 cm. 500 $aContiene : Bibliographie du père Simon Légasse. - Articoli con sintesi in inglese in coda. 774 0 $tHommage au père Simon Légasse. - Contiene.$w()275674 774 0 $tLiturgie byzantine et nouvelles communautés monastiques en Occiden. - Titolo principale dalla copertina.$w()276320 774 0 $t[SENZA TITOLO].$w()276657 774 0 $t[SENZA TITOLO].$w()276856 850 $aSeMil 852 $aSeMil$W1$xVenegono$y1$m238 6 37$j154832$B154832$CSeMilBibl$Z2$F173622 $85 961 $aCambio: Scuola Cattolica 996 $6245$a2011$9(OLS)http://semarc/title/283319 996 $6260$aToulouse :$bInstitut Catholique de Toulouse$9(OLS)http://semarc/publisher/43311 LEADER 00947nam a2200217 i 4500 001 000000088015 003 CaOOAMICUS 005 20180830150027.0 008 180830s1927 xx u000 u und u 013 $a60255 040 $aSeMil$bita 100 1 $aOjetti, Benedetto .$0(OLS)http://semarc/name/90113 245 10$aCommentarium in codicem iuris canonici. Liber primus. Normae generales. 260 $aLuogo non identificato :$bUniversità Gregoriana,$c1927. 300 $a354 p. 650 4$aDiritto ecclesiastico.$0(OLS)http://semarc/subject/933 650 4$aDiritto canonico.$0(OLS)http://semarc/subject/207 850 $aSeMil 852 $aSeMil$W1$xVenegono$y1$m114 46 1 *$j51396$B51396$CSeMilBibl$Z2$F55614 $81 996 $6245$aCommentarium in codicem iuris canonici. Liber primus. Normae generales$9(OLS)http://semarc/title/133983 996 $6260$aLuogo non identificato :$bUniversità Gregoriana$9(OLS)http://semarc/publisher/43504